| 000 | 00000nam##2200000za#4500 |
| 001 | 9.699005 |
| 003 | CaOODSP |
| 005 | 20241203113638 |
| 007 | cr ||||||||||| |
| 008 | 150407|2004||||xxc|||||o f|0| 0 eng|d |
| 040 | |aCaOODSP|beng |
| 043 | |an-cn--- |
| 086 | 1 |aEn164-46/2004E-PDF |
| 110 | 1 |aCanada. |bEnvironment Canada. |
| 245 | 14|aThe Lake Huron Binational Partnership / |h[electronic resource]|c[in collaboration with the] U.S. Environmental Protection Agency. |
| 260 | |aOttawa - Ontario : |bEnvironment Canada |c[2004]. |
| 300 | |a2p.|bmap, photographs |
| 590 | |a14-08-Supp|b2014-04-10 |
| 690 | 07|aLakes|2gcpds |
| 690 | 07|aEnvironmental protection|2gcpds |
| 775 | 08|tLe Partenariat binational du Lac Huron / |w(CaOODSP)9.643047 |
| 856 | 40|ahttp://publications.gc.ca|qPDF|s888 KB|uhttps://publications.gc.ca/collections/collection_2014/ec/En164-46-2004-eng.pdf |